header

Putting science in its place (Record no. 206603)

MARC details
000 -LEADER
fixed length control field 01518nam a2200361 a 4500
082 04 - DEWEY DECIMAL CLASSIFICATION NUMBER
Classification number 303.48/3
100 1# - MAIN ENTRY--AUTHOR NAME
Personal name Livingstone, David N.,
245 10 - TITLE STATEMENT
Title Putting science in its place
260 ## - PUBLICATION, DISTRIBUTION, ETC. (IMPRINT)
Place of publication Chicago :
Name of publisher University of Chicago Press,
Year of publication c2003.
300 ## - PHYSICAL DESCRIPTION
Number of Pages xii, 234 p. :
Other physical details ill.
490 1# - SERIES STATEMENT
Series statement Science.culture
505 0# - FORMATTED CONTENTS NOTE
Formatted contents note A geography of science? -- Site : venues of science -- Region : cultures of science -- Circulation : movements of science -- Putting science in its place.
650 #0 - SUBJECT ADDED ENTRY--TOPICAL TERM
Topical Term Science
Topical Term Science and civilization.
856 40 - ELECTRONIC LOCATION AND ACCESS
Uniform Resource Identifier http://site.ebrary.com/lib/rucke/Doc?id=10381185

No items available.

© 2026 Rongo University
Contact us: librarian | system librarian | Rongo university